[Event "Papp Bela Memorial"]
[Site "Budapest"]
[Date "1997.??.??"]
[Round "?"]
[White "Kahn, Evarth"]
[Black "Adorjan, Andras"]
[Result "0-1"]
[WhiteElo "2370"]
[BlackElo "2530"]
[PlyCount "58"]
[EventDate "1997.??.??"]
[EventType "swiss"]
[EventRounds "11"]
[EventCountry "HUN"]
[Source "ChessBase"]
[SourceDate "2001.11.25"]
[WhiteTeamCountry "HUN"]
[BlackTeamCountry "HUN"]

1. d4 Nf6 2. c4 c5 3. d5 b5 4. cxb5 a6 5. e3 g6 6. Nc3 Bg7 7. Nf3 O-O 8. bxa6
Qa5 9. Nd2 Bxa6 10. Bxa6 Nxa6 11. O-O d6 12. Nc4 Qb4 13. Qe2 Nc7 14. e4 Nb5 15.
Nxb5 Qxb5 16. Qc2 Ra7 17. a4 Qa6 18. Bd2 Rb8 19. b3 Nd7 20. Rab1 Ne5 21. Nxe5
Bxe5 22. Bc3 Bxc3 23. Qxc3 Qb6 24. h4 Qb4 25. Qe3 Rab7 26. h5 Qa3 27. Qg5 c4
28. hxg6 hxg6 29. b4 Qxa4 0-1

[Event "Papp Bela Memorial"]
[Site "Budapest"]
[Date "1997.??.??"]
[Round "?"]
[White "Szieberth, Adam"]
[Black "Adorjan, Andras"]
[Result "0-1"]
[WhiteElo "2300"]
[BlackElo "2530"]
[PlyCount "41"]
[EventDate "1997.??.??"]
[EventType "swiss"]
[EventRounds "11"]
[EventCountry "HUN"]
[Source "ChessBase"]
[SourceDate "2001.11.25"]
[WhiteTeamCountry "HUN"]
[BlackTeamCountry "HUN"]

1. e4 c5 2. Nf3 e6 3. d4 cxd4 4. Nxd4 Nf6 5. Nc3 d6 6. Be2 Be7 7. O-O O-O 8. f4
Nc6 9. Be3 e5 10. Nxc6 bxc6 11. fxe5 dxe5 12. Qe1 Be6 13. Qg3 Qc7 14. Bh6 Ne8
15. Bg4 Bxg4 16. Qxg4 Qb6+ 17. Kh1 Qxb2 18. Ne2 Qb7 19. Ng3 Kh8 20. Bd2 Nd6 21.
Nh5 0-1

[Event "Maroczy Memorial"]
[Site "Szeged"]
[Date "1997.11.15"]
[Round "2"]
[White "Sax, Gyula"]
[Black "Adorjan, Andras"]
[Result "1/2-1/2"]
[WhiteElo "2570"]
[BlackElo "2485"]
[PlyCount "33"]
[EventDate "1997.11.14"]
[EventType "tourn"]
[EventRounds "9"]
[EventCountry "HUN"]
[EventCategory "13"]
[Source "ChessBase"]
[SourceDate "1998.01.31"]
[WhiteTeamCountry "HUN"]
[BlackTeamCountry "HUN"]

1. e4 c5 2. Nf3 d6 3. d4 cxd4 4. Nxd4 Nf6 5. Nc3 a6 6. Bg5 e6 7. f4 Nc6 8. e5
h6 9. Bh4 Nxd4 10. Qxd4 dxe5 11. Qxd8+ Kxd8 12. fxe5 g5 13. Bxg5 hxg5 14. exf6
Bd7 15. Ne4 g4 16. Rd1 Kc7 17. h4 1/2-1/2

[Event "Maroczy Memorial"]
[Site "Szeged"]
[Date "1997.11.17"]
[Round "4"]
[White "Wells, Peter"]
[Black "Adorjan, Andras"]
[Result "1/2-1/2"]
[WhiteElo "2530"]
[BlackElo "2485"]
[PlyCount "26"]
[EventDate "1997.11.14"]
[EventType "tourn"]
[EventRounds "9"]
[EventCountry "HUN"]
[EventCategory "13"]
[Source "ChessBase"]
[SourceDate "1998.01.31"]
[WhiteTeamCountry "HUN"]
[BlackTeamCountry "HUN"]

1. d4 Nf6 2. Nf3 c5 3. d5 b5 4. Bg5 d6 5. Bxf6 exf6 6. e4 a6 7. a4 b4 8. Bd3 g6
9. Nbd2 Bg7 10. Nc4 a5 11. O-O O-O 12. Nfd2 Bb7 13. Qg4 f5 1/2-1/2

[Event "Maroczy Memorial"]
[Site "Szeged"]
[Date "1997.11.18"]
[Round "5"]
[White "Adorjan, Andras"]
[Black "Zhang Zhong"]
[Result "1/2-1/2"]
[WhiteElo "2485"]
[BlackElo "2475"]
[PlyCount "28"]
[EventDate "1997.11.14"]
[EventType "tourn"]
[EventRounds "9"]
[EventCountry "HUN"]
[EventCategory "13"]
[Source "ChessBase"]
[SourceDate "1998.01.31"]
[WhiteTeamCountry "HUN"]
[BlackTeamCountry "HUN"]

1. Nf3 f5 2. g3 Nf6 3. Bg2 g6 4. O-O Bg7 5. d4 O-O 6. c4 d6 7. Nc3 Qe8 8. d5 a5
9. Rb1 Na6 10. b3 h6 11. Nd4 Nc5 12. Ndb5 Na6 13. Nd4 Nc5 14. Ndb5 Na6 1/2-1/2

[Event "Maroczy Memorial"]
[Site "Szeged"]
[Date "1997.11.19"]
[Round "6"]
[White "Ribli, Zoltan"]
[Black "Adorjan, Andras"]
[Result "1/2-1/2"]
[WhiteElo "2570"]
[BlackElo "2485"]
[PlyCount "41"]
[EventDate "1997.11.14"]
[EventType "tourn"]
[EventRounds "9"]
[EventCountry "HUN"]
[EventCategory "13"]
[Source "ChessBase"]
[SourceDate "1998.01.31"]
[WhiteTeamCountry "HUN"]
[BlackTeamCountry "HUN"]

1. Nf3 c5 2. c4 b6 3. g3 Bb7 4. Bg2 Nf6 5. Nc3 e6 6. O-O Be7 7. d4 cxd4 8. Qxd4
O-O 9. Rd1 Nc6 10. Qf4 Qb8 11. Qxb8 Raxb8 12. Bf4 Rbc8 13. Ne5 d6 14. Nxc6 Bxc6
15. Bxd6 Bxd6 16. Rxd6 Bxg2 17. Kxg2 Rxc4 18. Rad1 h6 19. f4 Ne4 20. Nxe4 Rxe4
21. Kf3 1/2-1/2

[Event "Maroczy Memorial"]
[Site "Szeged"]
[Date "1997.11.20"]
[Round "7"]
[White "Adorjan, Andras"]
[Black "Lalic, Bogdan"]
[Result "1/2-1/2"]
[WhiteElo "2485"]
[BlackElo "2600"]
[PlyCount "34"]
[EventDate "1997.11.14"]
[EventType "tourn"]
[EventRounds "9"]
[EventCountry "HUN"]
[EventCategory "13"]
[Source "ChessBase"]
[SourceDate "1998.01.31"]
[WhiteTeamCountry "HUN"]
[BlackTeamCountry "HUN"]

1. d4 d5 2. c4 e6 3. Nc3 Be7 4. Nf3 Nf6 5. Bg5 h6 6. Bh4 O-O 7. e3 Ne4 8. Bxe7
Qxe7 9. Rc1 Nxc3 10. Rxc3 c6 11. Bd3 dxc4 12. Bxc4 Nd7 13. O-O b6 14. Bd3 c5
15. Be4 Rb8 16. Qa4 a5 17. a3 e5 1/2-1/2

[Event "Maroczy Memorial"]
[Site "Szeged"]
[Date "1997.11.21"]
[Round "8"]
[White "Adorjan, Andras"]
[Black "Atalik, Suat"]
[Result "0-1"]
[WhiteElo "2485"]
[BlackElo "2590"]
[PlyCount "66"]
[EventDate "1997.11.14"]
[EventType "tourn"]
[EventRounds "9"]
[EventCountry "HUN"]
[EventCategory "13"]
[Source "ChessBase"]
[SourceDate "1998.01.31"]
[WhiteTeamCountry "HUN"]
[BlackTeamCountry "HUN"]

1. c4 e6 2. Nc3 d5 3. d4 Bb4 4. cxd5 exd5 5. Qa4+ Nc6 6. Nf3 Nge7 7. e3 O-O 8.
Bd2 Bg4 9. Be2 Ng6 10. Qb3 Re8 11. O-O-O Nf4 12. Bf1 Nh3 13. Be1 Bxc3 14. bxc3
Na5 15. Qa4 c6 16. Rd2 b5 17. Qa3 Bxf3 18. gxf3 Ng5 19. f4 Ne4 20. Rc2 Nc4 21.
Qb3 Rb8 22. Bd3 Qd7 23. h3 a5 24. Re2 c5 25. f3 Nf6 26. dxc5 Qc7 27. Bf2 a4 28.
Qb4 Nd7 29. c6 Qxc6 30. e4 Qh6 31. Bg3 Nde5 32. Rd1 Nxd3+ 33. Rxd3 Qxh3 0-1

[Event "Maroczy Memorial"]
[Site "Szeged"]
[Date "1997.11.22"]
[Round "9"]
[White "Ivanisevic, Ivan"]
[Black "Adorjan, Andras"]
[Result "0-1"]
[WhiteElo "2540"]
[BlackElo "2485"]
[Annotator "Ribli"]
[PlyCount "46"]
[EventDate "1997.11.14"]
[EventType "tourn"]
[EventRounds "9"]
[EventCountry "HUN"]
[EventCategory "13"]
[Source "ChessBase"]
[SourceDate "1998.01.31"]
[WhiteTeamCountry "HUN"]
[BlackTeamCountry "HUN"]

1. d4 Nf6 2. c4 c5 3. d5 b5 4. cxb5 a6 5. Nc3 axb5 6. e4 b4 7. Nb5 d6 8. Bf4
Nbd7 9. Nf3 Nxe4 10. Qe2 $5 (10. Bd3 f5 11. Bxe4 fxe4 12. Ng5 Nf6 13. O-O g6
14. f3 Bg7 15. fxe4 Qb6 16. a4 bxa3 17. Rxa3 Rxa3 18. Nxa3 O-O 19. Nc4 Qb4 20.
Qc2 Ng4 21. g3 Bd4+ 22. Kh1 Ba6 23. b3 Rb8 24. Qe2 h5 25. e5 dxe5 26. Qe4 Rb6 {
1/2-1/2 Dobos,J-Adorjan,A/Balatonbereny op 1996/EXP 53}) 10... f5 $5 $13 (10...
Ndf6 11. Ng5 Bf5 12. f3 Nxd5 13. Nxe4 Bxe4 14. Qxe4 e6 15. Bc4 Nxf4 16. Qxf4
Be7 17. Rd1 O-O 18. Nxd6 Bg5 19. Qg4 Qf6 20. Ne4 Qe5 21. Qxg5 {
1-0 Metz,T-Reimer,K/PF-op 1994/GER 09}) 11. Ng5 Ndf6 12. f3 Nxd5 13. Nxe4 Nxf4
(13... fxe4 14. Qxe4 $13) 14. Nbxd6+ exd6 15. Nxd6+ Kd7 16. Qb5+ Ke6 17. Bc4+
$4 (17. Qc4+ $142 $1 Kf6 (17... Nd5 $145 $1) 18. Qf7+ Kg5 19. h4+ Kh6 20. g4 $1
g6 21. g5+ Kh5 22. Ne8 $1 $16) 17... Kf6 $19 18. Ne8+ Kg6 19. Rd1 Qe7+ 20. Kf2
Be6 21. Bxe6 Rxe8 22. Bxf5+ Kxf5 23. Rde1 Ne2 0-1

[Event "HUN KO-ch fin"]
[Site "Hungary"]
[Date "1998.??.??"]
[Round "?"]
[White "Adorjan, Andras"]
[Black "Lengyel, Bela"]
[Result "1/2-1/2"]
[WhiteElo "2490"]
[BlackElo "2385"]
[PlyCount "182"]
[EventDate "1998.??.??"]
[EventType "k.o."]
[EventRounds "5"]
[EventCountry "HUN"]
[Source "ChessBase"]
[SourceDate "2001.11.25"]
[WhiteTeamCountry "HUN"]
[BlackTeamCountry "HUN"]

1. d4 Nf6 2. c4 e6 3. Nf3 c5 4. d5 exd5 5. cxd5 d6 6. Nc3 g6 7. g3 Bg7 8. Bg2
O-O 9. O-O a6 10. a4 Nbd7 11. Bf4 Qe7 12. h3 Rb8 13. Re1 Nh5 14. Bg5 Bf6 15.
Bh6 Rd8 16. Qc1 Ng7 17. g4 Ne8 18. Nd2 Bg7 19. Nc4 Ne5 20. Bxg7 Nxg7 21. Nxe5
Qxe5 22. f4 Qe7 23. e4 h5 24. g5 b5 25. axb5 axb5 26. b4 Qc7 27. Kh2 Bd7 28.
Qb2 Rdc8 29. e5 Bf5 30. e6 cxb4 31. Ne4 Bxe4 32. Rxe4 Qc3 33. Rxb4 Nf5 34. Qxc3
Rxc3 35. Ra2 fxe6 36. dxe6 Kf8 37. Bf1 Ke7 38. Rxb5 Rxb5 39. Bxb5 Kxe6 40. Be2
Nd4 41. Rd2 Kd5 42. f5 gxf5 43. Bxh5 Ke4 44. h4 Rc7 45. Bd1 Ke3 46. Rg2 f4 47.
g6 Rg7 48. h5 f3 49. Rg5 Ne2 50. Bc2 Nf4 51. h6 Rc7 52. Ba4 Rb7 53. g7 Rb2+ 54.
Kg3 Ne2+ 55. Kh4 Rb4+ 56. Rg4 Rxg4+ 57. Kxg4 f2 58. g8=Q f1=Q 59. Qe6+ Kd4 60.
Qxd6+ Kc4 61. Qe6+ Kd4 62. Qd6+ Kc4 63. Bc6 Qg1+ 64. Kh4 Nd4 65. Bd5+ Kc3 66.
Qf4 Qe1+ 67. Kh3 Ne2 68. Qe3+ Kb2 69. Kg4 Qb4+ 70. Qe4 Qb5 71. Bc6 Qa6 72. h7
Qc8+ 73. Qf5 Qxc6 74. h8=Q+ Nc3 75. Qh2+ Kb3 76. Qhc2+ Kb4 77. Qf8+ Kc4 78.
Qf4+ Kb5 79. Qd3+ Ka5 80. Qe5+ Nb5 81. Qd2+ Ka6 82. Kg5 Qc4 83. Qdd5 Qc1+ 84.
Kg6 Qg1+ 85. Kf7 Qf1+ 86. Qf6+ Qxf6+ 87. Kxf6 Kb6 88. Ke5 Nc7 89. Qd6+ Kb7 90.
Kd4 Nb5+ 91. Kc5 Nxd6 1/2-1/2

[Event "HUN-chT2 9899"]
[Site "Hungary"]
[Date "1998.??.??"]
[Round "?"]
[White "Adorjan, Andras"]
[Black "Haag, Ervin"]
[Result "1/2-1/2"]
[WhiteElo "2490"]
[BlackElo "2335"]
[PlyCount "115"]
[EventDate "1998.??.??"]
[EventType "team"]
[EventRounds "12"]
[EventCountry "HUN"]
[Source "ChessBase"]
[SourceDate "1999.11.16"]
[WhiteTeamCountry "HUN"]
[BlackTeamCountry "HUN"]

1. g3 g6 2. Bg2 Bg7 3. f4 c5 4. Nf3 d5 5. O-O Nc6 6. d3 Nf6 7. Nc3 d4 8. Na4
Nd7 9. c4 Rb8 10. a3 O-O 11. Rb1 Qc7 12. b4 b6 13. e4 dxe3 14. Bxe3 Rd8 15. Re1
e6 16. bxc5 bxc5 17. Rxb8 Ncxb8 18. Qb3 Bb7 19. Rb1 Bc6 20. Nc3 Qb6 21. Qa2 Qa5
22. Nb5 Qa4 23. Qb3 Qxb3 24. Rxb3 a6 25. Na7 Ba4 26. Rb7 Nc6 27. Nxc6 Bxc6 28.
Rc7 Ba4 29. Ng5 h6 30. Ne4 Rb8 31. Nxc5 Rb1+ 32. Bf1 Nxc5 33. Bxc5 Bc2 34. Kf2
Rb2 35. Ke3 Bd1 36. Rc8+ Kh7 37. h4 Bg4 38. Bb4 e5 39. Rc7 exf4+ 40. gxf4 Be6
41. Be2 h5 42. Ra7 Bf6 43. f5 gxf5 44. Bxh5 Bxh4 45. Rxa6 Bg5+ 46. Kd4 Rh2 47.
Bf3 Rh4+ 48. Ke5 Kg6 49. Bd5 Bf6+ 50. Kd6 Rd4 51. Kc5 Rxd3 52. Bxe6 fxe6 53.
Rxe6 f4 54. Kb5 Kf5 55. Re1 Bb2 56. c5 Bxa3 57. Bxa3 Rxa3 58. c6 1/2-1/2

[Event "HUN-chT2 9899"]
[Site "Hungary"]
[Date "1998.??.??"]
[Round "?"]
[White "Adorjan, Andras"]
[Black "Parkanyi, Attila"]
[Result "1-0"]
[WhiteElo "2490"]
[BlackElo "2390"]
[PlyCount "57"]
[EventDate "1998.??.??"]
[EventType "team"]
[EventRounds "12"]
[EventCountry "HUN"]
[Source "ChessBase"]
[SourceDate "1999.11.16"]
[WhiteTeamCountry "HUN"]
[BlackTeamCountry "HUN"]

1. Nf3 Nf6 2. c4 c5 3. Nc3 g6 4. d4 cxd4 5. Nxd4 Nc6 6. e4 d6 7. Nc2 Bg7 8. Be2
O-O 9. O-O Be6 10. Rb1 Ne5 11. f4 Nc6 12. Kh1 Rc8 13. b3 a6 14. Bb2 Qa5 15. b4
Qd8 16. a3 Na7 17. Ne3 b5 18. Ncd5 bxc4 19. Bxf6 exf6 20. Bxc4 Nb5 21. Qd3 Bxd5
22. Nxd5 Rxc4 23. Qxc4 Nxa3 24. Qxa6 Nxb1 25. Rxb1 Qe8 26. Qc6 Qxc6 27. Ne7+
Kh8 28. Nxc6 f5 29. exf5 1-0

[Event "HUN-chT2 9899"]
[Site "Hungary"]
[Date "1998.??.??"]
[Round "?"]
[White "Adorjan, Andras"]
[Black "Szilagyi, Peter"]
[Result "1-0"]
[WhiteElo "2490"]
[BlackElo "2400"]
[PlyCount "41"]
[EventDate "1998.??.??"]
[EventType "team"]
[EventRounds "12"]
[EventCountry "HUN"]
[Source "ChessBase"]
[SourceDate "1999.11.16"]
[WhiteTeamCountry "HUN"]
[BlackTeamCountry "HUN"]

1. e4 c5 2. Nf3 e6 3. d4 cxd4 4. Nxd4 a6 5. Nc3 Qc7 6. g4 Bb4 7. Bd2 Nf6 8. Bg2
d5 9. exd5 Qe5+ 10. Nce2 Nxd5 11. Bxb4 Nxb4 12. Qd2 Qc5 13. a3 Nd5 14. O-O-O
Nd7 15. Bxd5 Qxd5 16. Nf4 Qd6 17. Nh5 O-O 18. Nxg7 Qe7 19. Nh5 Nc5 20. Qh6 f6
21. g5 1-0

[Event "HUN-chT2 9899"]
[Site "Hungary"]
[Date "1998.??.??"]
[Round "?"]
[White "Kosa, Laszlo"]
[Black "Adorjan, Andras"]
[Result "0-1"]
[WhiteElo "2225"]
[BlackElo "2490"]
[PlyCount "116"]
[EventDate "1998.??.??"]
[EventType "team"]
[EventRounds "12"]
[EventCountry "HUN"]
[Source "ChessBase"]
[SourceDate "1999.11.16"]
[WhiteTeamCountry "HUN"]
[BlackTeamCountry "HUN"]

1. e4 c5 2. Nf3 e6 3. d3 b6 4. Nbd2 Bb7 5. Qe2 d6 6. g3 g6 7. Bg2 Bg7 8. h4 Nf6
9. Nc4 Nc6 10. Bf4 e5 11. Bg5 O-O 12. c3 Ne7 13. Ne3 Nh5 14. Bxe7 Qxe7 15. Nd2
Bh6 16. Bf3 Nf6 17. c4 Rab8 18. Ndf1 b5 19. Nd2 bxc4 20. dxc4 Ne8 21. h5 Bg5
22. b3 Ng7 23. Nd5 Qd8 24. hxg6 fxg6 25. Ne3 Ne6 26. Bg2 Nd4 27. Qd3 Bxe3 28.
fxe3 Nc6 29. a3 a5 30. Bh3 Qe7 31. O-O-O a4 32. Rdf1 axb3 33. Nxb3 Qg5 34. Be6+
Kh8 35. Nd2 Qe7 36. Bd5 Qc7 37. Nf3 Qe7 38. Nh4 Qg5 39. Nf3 Qg4 40. Qe2 Na5 41.
Qh2 h5 42. Nd2 Bxd5 43. Rxf8+ Rxf8 44. cxd5 c4 45. Qh4 Qxh4 46. gxh4 Rf2 47.
Nb1 Nb3+ 48. Kd1 Rb2 49. Nc3 Rd2+ 50. Ke1 Rc2 51. Ne2 c3 52. Kf2 Rd2 53. Kf3 c2
54. Re1 Rd1 55. Kf2 g5 56. a4 gxh4 57. a5 Nxa5 58. Nc1 h3 0-1

[Event "HUN-chT2 9899"]
[Site "Hungary"]
[Date "1998.??.??"]
[Round "?"]
[White "Sulyok, Sandor"]
[Black "Adorjan, Andras"]
[Result "0-1"]
[WhiteElo "2305"]
[BlackElo "2490"]
[PlyCount "50"]
[EventDate "1998.??.??"]
[EventType "team"]
[EventRounds "12"]
[EventCountry "HUN"]
[Source "ChessBase"]
[SourceDate "1999.11.16"]
[WhiteTeamCountry "HUN"]
[BlackTeamCountry "HUN"]

1. d4 c5 2. e3 cxd4 3. exd4 Nf6 4. Nf3 d5 5. Ne5 g6 6. Nd2 Bg7 7. Bb5+ Nbd7 8.
Nxd7 Bxd7 9. Qe2 O-O 10. O-O Bg4 11. f3 Bf5 12. Nb3 Qb6 13. Bd3 Bxd3 14. Qxd3
e5 15. Be3 e4 16. Qd2 Rfe8 17. Nc5 Re7 18. Rae1 exf3 19. gxf3 Qxb2 20. Rb1 Qxa2
21. Ra1 Qc4 22. Rfb1 Rxe3 23. Qxe3 Ng4 24. Qd3 Bxd4+ 25. Kf1 Ne3+ 0-1

[Event "HUN-chT2 9899"]
[Site "Hungary"]
[Date "1999.??.??"]
[Round "?"]
[White "Adorjan, Andras"]
[Black "Barczay, Laszlo"]
[Result "1/2-1/2"]
[WhiteElo "2490"]
[BlackElo "2405"]
[PlyCount "30"]
[EventDate "1998.??.??"]
[EventType "team"]
[EventRounds "12"]
[EventCountry "HUN"]
[Source "ChessBase"]
[SourceDate "1999.11.16"]
[WhiteTeamCountry "HUN"]
[BlackTeamCountry "HUN"]

1. e4 c5 2. Nf3 e6 3. d4 cxd4 4. Nxd4 a6 5. Qe2 Ne7 6. g3 Nbc6 7. Nxc6 Nxc6 8.
Bg2 Be7 9. O-O O-O 10. Rd1 b5 11. Na3 Bb7 12. c4 b4 13. Nc2 Qc7 14. Bf4 e5 15.
Bd2 Bc5 1/2-1/2

[Event "HUN-chT2 9899"]
[Site "Hungary"]
[Date "1999.??.??"]
[Round "?"]
[White "Adorjan, Andras"]
[Black "Szabo, Janos"]
[Result "1-0"]
[WhiteElo "2490"]
[BlackElo "2255"]
[PlyCount "49"]
[EventDate "1998.??.??"]
[EventType "team"]
[EventRounds "12"]
[EventCountry "HUN"]
[Source "ChessBase"]
[SourceDate "1999.11.16"]
[WhiteTeamCountry "HUN"]
[BlackTeamCountry "HUN"]

1. Nf3 Nf6 2. d4 g6 3. c4 Bg7 4. g3 O-O 5. Bg2 d6 6. O-O c6 7. h3 Be6 8. Nbd2
Qb6 9. b3 a5 10. e4 Ne8 11. Bb2 a4 12. Qc1 axb3 13. axb3 Rxa1 14. Bxa1 Na6 15.
Bc3 Nec7 16. Qb2 Nb4 17. Ra1 Nca6 18. Bf1 Bd7 19. c5 dxc5 20. Nc4 Qa7 21. Nfe5
Be6 22. dxc5 Bxc4 23. Bxc4 Bxe5 24. Bxe5 e6 25. Bh8 1-0

[Event "HUN-chT2 9899"]
[Site "Hungary"]
[Date "1999.??.??"]
[Round "?"]
[White "Adorjan, Andras"]
[Black "Szell, Lajos"]
[Result "1-0"]
[WhiteElo "2490"]
[BlackElo "2260"]
[PlyCount "45"]
[EventDate "1998.??.??"]
[EventType "team"]
[EventRounds "12"]
[EventCountry "HUN"]
[Source "ChessBase"]
[SourceDate "1999.11.16"]
[WhiteTeamCountry "HUN"]
[BlackTeamCountry "HUN"]

1. e4 e5 2. Nf3 Nc6 3. Bb5 f5 4. Nc3 fxe4 5. Nxe4 d5 6. Nc3 Bg4 7. h3 Bxf3 8.
Qxf3 Nf6 9. O-O Qd6 10. d4 e4 11. Qf5 Qd7 12. Qxd7+ Kxd7 13. Bg5 Ke6 14. f3
Nxd4 15. Bxf6 gxf6 16. fxe4 Kf7 17. Bd3 dxe4 18. Nxe4 Bg7 19. Rad1 Rhd8 20. Nc5
b6 21. Nb7 Rd7 22. Bb5 c6 23. Bxc6 1-0

[Event "HUN-chT2 9899"]
[Site "Hungary"]
[Date "1999.??.??"]
[Round "?"]
[White "Bogdan, Dan"]
[Black "Adorjan, Andras"]
[Result "1/2-1/2"]
[WhiteElo "2410"]
[BlackElo "2490"]
[PlyCount "91"]
[EventDate "1998.??.??"]
[EventType "team"]
[EventRounds "12"]
[EventCountry "HUN"]
[Source "ChessBase"]
[SourceDate "1999.11.16"]
[WhiteTeamCountry "HUN"]
[BlackTeamCountry "HUN"]

1. d4 Nf6 2. g3 c5 3. dxc5 Na6 4. Nf3 Nxc5 5. Bg2 b6 6. O-O Bb7 7. c4 g6 8. b3
Bg7 9. Bb2 O-O 10. Nc3 Rc8 11. Rc1 d6 12. Nd5 Nxd5 13. Bxg7 Ne3 14. Qd2 Nxf1
15. Qh6 Bxf3 16. exf3 Nxh2 17. Kxh2 f6 18. Bxf8 Qxf8 19. Qe3 e5 20. Rd1 Kg7 21.
f4 Ne6 22. Bh3 Re8 23. fxe5 fxe5 24. Bxe6 Rxe6 25. a4 h5 26. Kg2 Rf6 27. Rd2 h4
28. a5 Rf3 29. Qe4 Rxb3 30. axb6 axb6 31. gxh4 Qf6 32. Qg4 Kh6 33. f3 Rb4 34.
Kf2 b5 35. Qg5+ Qxg5 36. hxg5+ Kxg5 37. cxb5 Kf4 38. Rxd6 Rb2+ 39. Kf1 Kxf3 40.
Rf6+ Ke3 41. Rxg6 Rb1+ 42. Kg2 Rxb5 43. Rg3+ Ke2 44. Rg5 Rc5 45. Rh5 Rc1 46.
Rxe5+ 1/2-1/2

[Event "HUN-chT2 9899"]
[Site "Hungary"]
[Date "1999.??.??"]
[Round "?"]
[White "Szabo, Zsolt"]
[Black "Adorjan, Andras"]
[Result "1/2-1/2"]
[WhiteElo "2405"]
[BlackElo "2490"]
[PlyCount "90"]
[EventDate "1998.??.??"]
[EventType "team"]
[EventRounds "12"]
[EventCountry "HUN"]
[Source "ChessBase"]
[SourceDate "1999.11.16"]
[WhiteTeamCountry "HUN"]
[BlackTeamCountry "HUN"]

1. e4 c5 2. Nf3 e6 3. d4 cxd4 4. Nxd4 Nf6 5. Nc3 Nc6 6. Ndb5 d6 7. Bf4 e5 8.
Bg5 a6 9. Na3 b5 10. Nd5 Be7 11. Bxf6 Bxf6 12. c3 O-O 13. Nc2 Bg5 14. a4 bxa4
15. Rxa4 a5 16. Bc4 Rb8 17. b3 Kh8 18. O-O f5 19. exf5 Bxf5 20. Nde3 Bg6 21.
Qd5 Ne7 22. Qxa5 d5 23. Bb5 Qxa5 24. Rxa5 Rfc8 25. h4 Bxh4 26. Ne1 Rxc3 27. Nf3
Bf6 28. Ba4 e4 29. Nh2 d4 30. Nc4 h5 31. g4 e3 32. g5 e2 33. Re1 d3 34. gxf6
gxf6 35. Nf3 Rc2 36. Nfd2 Bf7 37. f3 Nd5 38. Kf2 Nc3 39. Ke3 Rd8 40. Ra7 Nd1+
41. Kf4 Bxc4 42. Nxc4 Nc3 43. Ra5 Nxa4 44. Rg1 Rd7 45. Rxh5+ Rh7 1/2-1/2

[Event "Chess Classics Masters"]
[Site "Frankfurt"]
[Date "1998.06.17"]
[Round "2"]
[White "Adorjan, Andras"]
[Black "Jussupow, Artur"]
[Result "1-0"]
[WhiteElo "2490"]
[BlackElo "2630"]
[PlyCount "103"]
[EventDate "1998.06.17"]
[EventType "tourn (rapid)"]
[EventRounds "14"]
[EventCountry "GER"]
[EventCategory "14"]
[Source "ChessBase"]
[SourceDate "1998.09.09"]
[WhiteTeamCountry "HUN"]
[BlackTeamCountry "HUN"]

1. e4 e6 2. d4 d5 3. Nd2 c5 4. Ngf3 Nc6 5. exd5 exd5 6. Bb5 Bd6 7. O-O cxd4 8.
Nb3 Nge7 9. Nbxd4 O-O 10. h3 Bd7 11. c3 Ng6 12. Bg5 Qc7 13. Bd3 a6 14. Nf5 Bc5
15. Be3 Bxe3 16. Nxe3 Nf4 17. Bf5 Rad8 18. Re1 g6 19. Bxd7 Rxd7 20. Qd2 h5 21.
g3 d4 22. gxf4 dxe3 23. Qxe3 Re7 24. Qd2 Rd8 25. Rxe7 Nxe7 26. Qe2 Nf5 27. Ne5
Kg7 28. Rd1 f6 29. Rxd8 Qxd8 30. Qd3 Qe7 31. Nf3 Kh7 32. a4 a5 33. Qd5 Qc7 34.
b4 Qxc3 35. Qxb7+ Kh6 36. Qa8 Kh7 37. bxa5 Ng7 38. a6 Qc1+ 39. Kg2 Ne6 40. Qa7+
Kh8 41. Qe3 Nxf4+ 42. Kg3 h4+ 43. Kxf4 Qc4+ 44. Qd4 Qxa6 45. Ng5 Qb7 46. Qxf6+
Kg8 47. Qxg6+ Kh8 48. Qe8+ Kg7 49. a5 Qb4+ 50. Qe4 Qd2+ 51. Kg4 Qxa5 52. Qe7+
1-0

[Event "Chess Classics Masters"]
[Site "Frankfurt"]
[Date "1998.06.17"]
[Round "4"]
[White "Adorjan, Andras"]
[Black "Timman, Jan H"]
[Result "0-1"]
[WhiteElo "2490"]
[BlackElo "2635"]
[PlyCount "106"]
[EventDate "1998.06.17"]
[EventType "tourn (rapid)"]
[EventRounds "14"]
[EventCountry "GER"]
[EventCategory "14"]
[Source "ChessBase"]
[SourceDate "1998.09.09"]
[WhiteTeamCountry "HUN"]
[BlackTeamCountry "HUN"]

1. d4 Nf6 2. Nf3 e6 3. g3 b5 4. Bg2 Bb7 5. O-O c5 6. Na3 a6 7. c4 cxd4 8. cxb5
Bxa3 9. bxa3 axb5 10. Bb2 O-O 11. Bxd4 Bd5 12. Bxf6 Qxf6 13. Nd4 Bxg2 14. Kxg2
Qe5 15. Qd3 Na6 16. Nf3 Qc7 17. Qxb5 Nc5 18. Qb4 Ra4 19. Qc3 Rfa8 20. Rac1 d6
21. Rfd1 Rxa3 22. Qd4 R3a6 23. Kg1 h6 24. Rc2 Rxa2 25. Rxa2 Rxa2 26. Qc4 Ra4
27. Qc2 Ra6 28. Nd4 Qb7 29. Qc4 Rb6 30. Qa2 Rb2 31. Qa1 Ne4 32. Qa3 Ng5 33. Nf3
Nxf3+ 34. exf3 d5 35. Qd3 Qb6 36. Rd2 Rxd2 37. Qxd2 Qc5 38. Qa2 g6 39. h4 Qc3
40. Qe2 Kf8 41. Kg2 h5 42. Qb5 Ke7 43. Qb8 Qd4 44. Qc7+ Kf8 45. Qd8+ Kg7 46.
Qd6 Qf6 47. Qc5 d4 48. Qd6 e5 49. Qd5 Qe6 50. Qd8 Qc6 51. Qe7 Qd5 52. Kf1 d3
53. Ke1 d2+ 0-1

[Event "Chess Classics Masters"]
[Site "Frankfurt"]
[Date "1998.06.17"]
[Round "5"]
[White "Beliavsky, Alexander"]
[Black "Adorjan, Andras"]
[Result "1/2-1/2"]
[WhiteElo "2690"]
[BlackElo "2490"]
[PlyCount "89"]
[EventDate "1998.06.17"]
[EventType "tourn (rapid)"]
[EventRounds "14"]
[EventCountry "GER"]
[EventCategory "14"]
[Source "ChessBase"]
[SourceDate "1998.09.09"]
[WhiteTeamCountry "HUN"]
[BlackTeamCountry "HUN"]

1. d4 Nf6 2. c4 c5 3. Nf3 cxd4 4. Nxd4 e6 5. g3 Bb4+ 6. Nc3 O-O 7. Bg2 d5 8.
Qb3 Bxc3+ 9. Qxc3 e5 10. Nb3 d4 11. Qc2 Nc6 12. O-O Bg4 13. f4 e4 14. h3 d3 15.
exd3 exd3 16. Qf2 Be2 17. Re1 Re8 18. Bd2 Ne4 19. Bxe4 Rxe4 20. Rac1 Qe7 21.
Qc5 Qd7 22. Qd5 Qe7 23. Qc5 Qe8 24. Bc3 Re3 25. Qg5 f6 26. Bxf6 Qg6 27. Qxg6
hxg6 28. Bc3 Rxg3+ 29. Kh2 Rf3 30. Rg1 Kh7 31. Rg4 Rf8 32. Rcg1 R8xf4 33. Rxg6
Rf2+ 34. R1g2 Rxg2+ 35. Rxg2 g6 36. Nd2 Ne7 37. Kg3 g5 38. Kh2 Kg6 39. Be5 Rf5
40. Bd4 Nc6 41. Be3 Re5 42. Bf4 Ra5 43. Be3 Re5 44. Bf4 Ra5 45. Be3 1/2-1/2